LEADER 01342nam a2200313 i 4500 001 000000147484 003 CaOOAMICUS 005 20251203145035.0 008 060203s1981 it u000 u ita u 013 $a124696 040 $aSeMil$bita 100 1 $aHusserl, Edmund,$d<1859-1938>.$0(OLS)http://semarc/name/3630 240 14$aDie Idee der Phanomenologie.$0(OLS)http://semarc/title/215629 245 12$aL'idea della fenomenologia :$bcinque lezioni /$cEdmund Husserl ; introduzione e traduzione di Andrea Vasa ; a cura di Marino Rosso. 260 $aMilano :$bIl Saggiatore,$c1981. 300 $a121 p. ;$c21 cm. 490 0 $aLa cultura ;$v2 500 $aContiene : Appendice critica. - Fondo Ciprandi. 650 4$aFenomenologia - Filosofia.$0(OLS)http://semarc/subject/1114 700 1 $aRosso, Marino.$0(OLS)http://semarc/name/39831 700 1 $aVasa, Andrea.$0(OLS)http://semarc/name/55865 830 3$aLa cultura ;$v2.$0(OLS)http://semarc/title/6877 850 $aSeMil 852 $aSeMil$W1$xVenegono$y1$m2P II 627$j100036$B100036$CSeMilBibl$Z2$F108956 $81 941 1 $a1 961 $aOmaggio: Ciprandi dott. Paolo 996 $6245$aL'idea della fenomenologia :$bcinque lezioni$9(OLS)http://semarc/title/215628 996 $6260$aMilano :$bIl Saggiatore$9(OLS)http://semarc/publisher/30255 LEADER 00717nam a2200181 i 4500 001 000000033234 003 CaOOAMICUS 005 20180830125450.0 008 180830s1960 it u000 u ita u 040 $aSeMil$bita 100 1 $aCourtois, Gaston,$d<1897-1970>.$0(OLS)http://semarc/name/4323 245 12$aL'ora di Gesù :$bmeditazioni per religiose /$cGastone Courtois. 260 $aMilano [etc.] :$bÀncora,$c1960. 300 $av. ;$c17 cm. 650 4$aVita religiosa - Spiritualità.$0(OLS)http://semarc/subject/1528 774 0 $t1.$b4. ed.$w()205872 996 $6245$aL'ora di Gesù :$bmeditazioni per religiose$9(OLS)http://semarc/title/44979 996 $6260$aMilano [etc.] :$bÀncora$9(OLS)http://semarc/publisher/32331